<?xml version="1.0" encoding="UTF-8"?>
<marc:record xmlns:marc="http://www.loc.gov/MARC21/slim">
   <marc:leader>00000nam a2200000 a 4500</marc:leader>
   <marc:datafield ind1="1" ind2=" " tag="100">
      <marc:subfield code="a">Klein, Stefan</marc:subfield>
      <marc:subfield code="4">aut</marc:subfield>
      <marc:subfield code="e">Verfasser/-in</marc:subfield>
   </marc:datafield>
   <marc:datafield ind1=" " ind2=" " tag="653">
      <marc:subfield code="a">Altruismus</marc:subfield>
   </marc:datafield>
   <marc:datafield ind1="0" ind2="0" tag="245">
      <marc:subfield code="a">Der Sinn des Gebens</marc:subfield>
   </marc:datafield>
   <marc:datafield ind1="0" ind2="0" tag="245">
      <marc:subfield code="b">warum Selbstlosigkeit in der Evolution siegt und wir mit Egoismus nicht weiterkommen</marc:subfield>
   </marc:datafield>
   <marc:datafield ind1="0" ind2="0" tag="245">
      <marc:subfield code="c">Stefan Klein</marc:subfield>
   </marc:datafield>
   <marc:datafield ind1=" " ind2="1" tag="264">
      <marc:subfield code="a">Frankfurt, M.</marc:subfield>
      <marc:subfield code="b">Fischer-Taschenbuch-Verl.</marc:subfield>
      <marc:subfield code="c">2011</marc:subfield>
   </marc:datafield>
   <marc:datafield ind1="1" ind2=" " tag="490">
      <marc:subfield code="a">Fischer</marc:subfield>
      <marc:subfield code="v">17860</marc:subfield>
   </marc:datafield>
   <marc:datafield ind1=" " ind2=" " tag="250">
      <marc:subfield code="a">Ungekürzte Ausg.</marc:subfield>
   </marc:datafield>
   <marc:datafield ind1="1" ind2=" " tag="520">
      <marc:subfield code="a">Angaben aus der Verlagsmeldung

Der Sinn des Gebens : Warum Selbstlosigkeit in der Evolution siegt und wir mit Egoismus nicht weiterkommen / von Stefan Klein

Selbstlos siegt! Welche Gesetze über Erfolg und Misserfolg in unserem Leben bestimmen.

Den Selbstlosen gehört die Zukunft: Das ist die erstaunliche Quintessenz des neuen Buches von Stefan Klein, das unser Denken und Handeln verändern wird. Denn die neueste Forschung lässt die Ehrlichen keineswegs als die Dummen dastehen. Entgegen unserem Alltagsglauben schneiden Egoisten nämlich nur kurzfristig besser ab. Auf längere Sicht haben diejenigen Menschen Erfolg, die sich um das Wohl anderer bemühen.

Denn nicht nur Wettbewerb, sondern auch Kooperation ist eine Triebkraft der Evolution. Ein Sinn für Gut und Böse ist uns angeboren. Stefan Klein zieht einen faszinierenden Querschnitt durch die aktuellen Ergebnisse der Hirnforschung und der Genetik, der Wirtschaftswissenschaften und der Sozialpsychologie. Er zeigt, welche Gesetze über Erfolg und Misserfolg in unserem Leben bestimmen. Und er stellt dar, warum menschliches Miteinander und das Wohlergehen anderer zu unseren tiefsten Bedürfnissen gehören. Für andere zu sorgen schützt uns nicht nur vor Einsamkeit und Depression. Vielmehr macht uns Selbstlosigkeit glücklicher und erfolgreicher – und beschert uns nachweislich sogar ein längeres Leben.
</marc:subfield>
   </marc:datafield>
   <marc:datafield ind1=" " ind2=" " tag="020">
      <marc:subfield code="a">9783596178605</marc:subfield>
      <marc:subfield code="9">9783596178605</marc:subfield>
   </marc:datafield>
   <marc:datafield ind1=" " ind2=" " tag="020">
      <marc:subfield code="a">3596178606</marc:subfield>
      <marc:subfield code="9">3596178606</marc:subfield>
   </marc:datafield>
   <marc:datafield ind1=" " ind2=" " tag="041">
      <marc:subfield code="a">ger</marc:subfield>
   </marc:datafield>
   <marc:datafield ind1=" " ind2=" " tag="300">
      <marc:subfield code="a">334 S.</marc:subfield>
   </marc:datafield>
</marc:record>
